[Event "Angers op 2nd"]
[Site "Angers"]
[Date "2007.04.14"]
[Round "3.7"]
[White "Le Garrec, Maxime"]
[Black "Fota, Daniel"]
[Result "0-1"]
[WhiteElo "1720"]
[BlackElo "1930"]
[PlyCount "82"]
[EventDate "2007.04.13"]
[EventType "swiss"]
[EventRounds "6"]
[EventCountry "FRA"]
[SourceTitle "CBM 117 Extra"]
[Source "ChessBase"]
[SourceDate "2007.05.09"]
[SourceVersion "1"]
[SourceVersionDate "2007.05.09"]
[SourceQuality "1"]

1. e4 d6 2. d4 Nf6 3. Nc3 c6 4. Nf3 Bg4 5. Be2 Nbd7 6. Be3 e5 7. dxe5 dxe5 8. Nd2 Bxe2 9. Qxe2 Qc7 10. a3 Bc5 11. Nb3 Bxe3 12. Qxe3 Qb6 13. Qg3 0-0 14. Rd1 Rad8 15. 0-0 h6 16. Rd6 Nh5 17. Qg4 Ndf6 18. Qd1 Qc7 19. Rxd8 Rxd8 20. Qf3 Nf4 21. Rd1 Ne6 22. Rxd8+ Qxd8 23. Qd3 Qc7 24. h3 b6 25. Nd2 Qd7 26. Nc4 Qxd3 27. cxd3 Nd7 28. Kf1 Kf8 29. b4 Nf4 30. Nb2 a5 31. Ne2 Ne6 32. g3 Ke7 33. f4 f6 34. h4 exf4 35. gxf4 g6 36. f5 gxf5 37. exf5 Ng7 38. Nd4 Kd6 39. Ke2 Kd5 40. Ke3 Ne5 41. Nf3 Nxf3 0-1

[Event "Angers op 2nd"]
[Site "Angers"]
[Date "2007.04.13"]
[Round "2.12"]
[White "Fota, Daniel"]
[Black "Salvaing, Jean Louis"]
[Result "1-0"]
[WhiteElo "1930"]
[BlackElo "2088"]
[PlyCount "117"]
[EventDate "2007.04.13"]
[EventType "swiss"]
[EventRounds "6"]
[EventCountry "FRA"]
[SourceTitle "CBM 117 Extra"]
[Source "ChessBase"]
[SourceDate "2007.05.09"]
[SourceVersion "1"]
[SourceVersionDate "2007.05.09"]
[SourceQuality "1"]

1. d4 Nf6 2. Bg5 Ne4 3. Bf4 d5 4. Nd2 Nf6 5. e3 e6 6. Ngf3 Nbd7 7. Bd3 Be7 8. 0-0 0-0 9. c3 b6 10. Qc2 Bb7 11. e4 dxe4 12. Nxe4 Rc8 13. Qe2 Nxe4 14. Bxe4 Bxe4 15. Qxe4 Bd6 16. Be5 Nxe5 17. dxe5 Be7 18. Rad1 Qe8 19. Rd2 Rd8 20. Rfd1 Rxd2 21. Rxd2 Qc8 22. g3 Rd8 23. Rxd8+ Qxd8 24. Nd4 Bf8 25. Qc6 a6 26. a4 g6 27. Qe4 c5 28. Nf3 b5 29. axb5 axb5 30. Qb7 b4 31. h4 h6 32. Kg2 Qd3 33. cxb4 cxb4 34. Qc8 Kg7 35. Qc1 Qd5 36. Qd2 Qa2 37. Nh2 b3 38. Ng4 Qa8+ 39. Kf1 Qh1+ 40. Ke2 Qe4+ 41. Ne3 Qxe5 42. Kd1 Qb5 43. Qc3+ Kh7 44. Ng4 Qf1+ 45. Kd2 g5 46. h5 Bg7 47. Nf6+ Bxf6 48. Qxf6 Kg8 49. Qd8+ Kg7 50. Qd4+ Kh7 51. Qf6 Kg8 52. Qd8+ Kg7 53. Qd4+ Kh7 54. Qd3+ Qxd3+ 55. Kxd3 f5 56. Kc3 Kg7 57. Kxb3 e5 58. Kc4 f4 59. g4 1-0

[Event "Chateauroux op"]
[Site "Chateauroux"]
[Date "2005.11.11"]
[Round "2"]
[White "Fota, Daniel"]
[Black "Pytel, Krzysztof"]
[Result "0-1"]
[WhiteElo "1989"]
[BlackElo "2380"]
[PlyCount "66"]
[EventDate "2005.10.30"]
[EventType "swiss"]
[EventRounds "7"]
[EventCountry "FRA"]
[SourceTitle "EXT 2007"]
[Source "ChessBase"]
[SourceDate "2006.11.23"]
[SourceVersion "1"]
[SourceVersionDate "2006.11.23"]
[SourceQuality "1"]

1. d4 g6 2. Nf3 Bg7 3. g3 Nf6 4. Bg2 0-0 5. 0-0 c5 6. e3 d6 7. c3 Nbd7 8. Nbd2 Rb8 9. e4 e5 10. dxe5 dxe5 11. Qe2 b5 12. Rd1 Qc7 13. Nf1 c4 14. Ne3 Nc5 15. Ne1 Bb7 16. Nd5 Nxd5 17. exd5 Rfd8 18. Be3 Bf8 19. Rd2 Bd6 20. Rad1 Re8 21. Bg5 f5 22. Nc2 a5 23. Bh6 Qf7 24. Ne1 e4 25. Be3 Nd3 26. Nxd3 cxd3 27. Qf1 Bxd5 28. b3 Be5 29. Bf4 Bxf4 30. gxf4 Qc7 31. c4 bxc4 32. bxc4 Bc6 33. f3 e3 0-1